| Tag |
First Indicator |
Second Indicator |
Subfields |
| LEADER |
00000cam a2200000Ki 4500 |
| 001 |
in00004356521 |
| 005 |
20210305145407.0 |
| 006 |
m o d |
| 007 |
cr |n||||||||| |
| 008 |
201008s2019 enk o 001 0 eng d |
| 020 |
|
|
|a 1788013867
|q (electronic bk.)
|
| 020 |
|
|
|a 9781788013864
|q (electronic bk.)
|
| 020 |
|
|
|z 1788013689
|q (hbk.)
|
| 020 |
|
|
|z 9781788013680
|q (hbk.)
|
| 035 |
|
|
|a (OCoLC)1199300191
|
| 035 |
|
|
|a (OCoLC)on1199300191
|
| 035 |
|
|
|a 6431897
|
| 040 |
|
|
|a UIU
|b eng
|e rda
|e pn
|c UIU
|d UKRSC
|d N$T
|d UKAHL
|
| 049 |
|
|
|a TXAM
|
| 050 |
|
4 |
|a QD321
|
| 082 |
0 |
4 |
|a 547.78
|2 23
|
| 245 |
0 |
0 |
|a Carbohydrate chemistry /
|c edited by Amelia Pilar Rauter, Thisbe Lindhorst, Yves Queneau.
|
| 264 |
|
1 |
|a Cambridge :
|b Royal Society of Chemistry,
|c 2019.
|
| 300 |
|
|
|a 1 online resource.
|
| 336 |
|
|
|a text
|b txt
|2 rdacontent
|
| 337 |
|
|
|a computer
|b c
|2 rdamedia
|
| 338 |
|
|
|a online resource
|b cr
|2 rdacarrier
|
| 490 |
1 |
|
|a A specialist periodical report ;
|v v. 44
|
| 500 |
|
|
|a Includes index.
|
| 588 |
0 |
|
|a Print version record.
|
| 650 |
|
0 |
|a Carbohydrates.
|
| 650 |
|
7 |
|a Carbohydrates.
|2 fast
|0 (OCoLC)fst00846754
|
| 655 |
|
7 |
|a Electronic books.
|2 local
|
| 700 |
1 |
|
|a Lindhorst, Thisbe K.,
|e editor.
|
| 700 |
1 |
|
|a Queneau, Yves,
|e editor.
|
| 700 |
1 |
|
|a Rauter, Amélia Pilar,
|d 1950-
|e editor.
|
| 776 |
0 |
8 |
|i Print version:
|t Carbohydrate chemistry
|z 9781788013680
|w (OCoLC)1121096450
|
| 830 |
|
0 |
|a Specialist periodical report ;
|v v. 44.
|
| 856 |
4 |
0 |
|u http://proxy.library.tamu.edu/login?url=https://dx.doi.org/10.1039/9781788013864
|z Connect to the full text of this electronic book
|t 0
|
| 955 |
|
|
|a RSC eBooks
|
| 994 |
|
|
|a 92
|b TXA
|
| 999 |
f |
f |
|s 54733f9f-afdc-3303-809f-7baf47edbf8c
|i 208537af-9651-333c-a157-32bdb59f79a9
|t 0
|
| 952 |
f |
f |
|a Texas A&M University
|b College Station
|c Electronic Resources
|d Available Online
|t 0
|e QD321
|h Library of Congress classification
|
| 998 |
f |
f |
|a QD321
|t 0
|l Available Online
|